| 000 | 01797nam a2200469 i 4500 | ||
|---|---|---|---|
| 001 | 30313 | ||
| 003 | KOSZ 005 | ||
| 005 | 20200908072425.0 | ||
| 008 | 980702s1994 pl a f |100 0 pol | ||
| 015 | _aPB 1996/15307 | ||
| 020 | _a83861230709 | ||
| 040 |
_aWA N _cWA N _dKOSZ 005/HR |
||
| 041 | 0 |
_apol _beng |
|
| 046 | _k1994 | ||
| 080 | _a621.9 | ||
| 080 | _a621.791/.795 | ||
| 080 | _a(06) | ||
| 245 | 0 | 0 |
_aKształtowanie części maszyn przez usuwanie materiału : _bzbiór referatów I Forum Prac Badawczych, [Mielno-Unieście 26-29.06.94 r.] / _cpod red. Tadeusza Karpińskiego. |
| 260 |
_aKoszalin : _bWydaw. WSI, _c1994. |
||
| 300 |
_a409 s. : _bfot., rys., wykr. ; _c24 cm. |
||
| 336 |
_2rdacontent _aTekst _btxt |
||
| 337 |
_2rdamedia _aBez urządzenia pośredniczącego _bn |
||
| 338 |
_2rdacarrier _aWolumin _bnc |
||
| 380 | _aKsiążki | ||
| 380 | _aPublikacje naukowe | ||
| 388 | _a1901-2000 | ||
| 388 | _a1989-2000 | ||
| 504 | _aBibliogr., summ. przy ref. | ||
| 650 | 4 | _aSkrawanie | |
| 650 | 4 | _aNarzędzia | |
| 650 | 4 | _aMaszyny | |
| 650 | 4 | _aInżynieria powierzchni | |
| 650 | 4 | _aSzlifowanie | |
| 655 | 4 | _aMateriały konferencyjne | |
| 658 | _aInżynieria i technika | ||
| 700 | 1 |
_aKarpiński, Tadeusz _d(1936- ) _eRedakcja |
|
| 710 | 2 |
_aWydawnictwo Uczelniane (Wyższa Szkoła Inżynierska ; Koszalin) _4pbl. |
|
| 711 | 2 |
_aForum Prac Badawczych "Kształtowanie części maszyn przez usuwanie materiału" _n(1 ; _d1994 ; _cMielno-Unieście) |
|
| 856 |
_uhttp://dlibra.tu.koszalin.pl/dlibra/docmetadata?id=233&from=&dirids=1&ver_id=&lp=1&QI= _yBiblioteka Cyfrowa |
||
| 856 |
_uhttp://koha.tu.koszalin.pl/cgi-bin/koha/opac-detail.pl?biblionumber=30313 _yKatalog online BPK |
||
| 942 |
_2UKD _cKS |
||
| 999 |
_c30313 _d30313 |
||